Statistics for Millwall FC all-time top appearances

Click here to take the quiz!

General Stats

  • This quiz has been taken 2 times
  • The average score is 3 of 10

Answer Stats

AppsNationalityPlayer% Correct
415EnglandNeil Harris
100%
388IrelandAlan Dunne
50%
339IrelandDavid Forde
50%
342France / ComorosNadjim Abdou
50%
361EnglandPaul Robinson
50%
302EnglandDavid Livermore
0%
339EnglandJake Cooper
0%
295IrelandShaun Williams
0%
336Wales / EnglandSteve Morison
0%
322EnglandTony Craig
0%

Score Distribution

Percentile by Number Answered

Percent of People with Each Score

Your Score History

You have not taken this quiz